000
00339nam a2200145Ia 4500
003
OSt
005
20231219112251.0
008
170523s9999 xx 000 0 und d
020
_a
8126503548
040
_c
IIMT
100
_a
Mallick- Martyn
245
0
_a
Mobile and Wireless Design Essentials
260
_a
Wiley India
942
_2
ddc
_c
02
999
_c
12242
_d
12242